000 00271nam a22001217a 4500
008 181030b xxu||||| |||| 00| 0 eng d
041 _aeng
080 _a902
100 _a45
101 _aark
245 _aMysteries O The Ancient World
_cJames.p
942 _2udc
_cBK
999 _c51072
_d51072